| 000 | 01093nam a22002897a 4500 | ||
|---|---|---|---|
| 001 | 5333 | ||
| 003 | FISKH | ||
| 005 | 20241126153524.0 | ||
| 008 | 241126b cb ||||| |||| 00| 0 eng d | ||
| 020 | _a9781407124070 | ||
| 040 |
_aFISKH _beng _cFISKH _dFISKH |
||
| 082 | _a900 | ||
| 100 | _aReeve, Philip | ||
| 245 |
_aHoratio Nelson and his Victory / _cWritten and illustrated by Philip Reeve |
||
| 260 |
_aNew York : _bScholastic ; _c2003 . |
||
| 300 |
_a208 pages : _billustrations ; _c20 cm . |
||
| 490 | _aHorribly Famous | ||
| 505 | _aU | ||
| 520 | _aYou've probably heard of Horatio Nelson. He's dead famous for winning the Battle of Travalgar, losing an arm and an eye, and being stuck up a column. But have you heard how he nearly got killed by a polar bear, and ate rats and maggots? Get the inside story on Horatio in this book. | ||
| 521 | 8 |
_a840
_bLexile estimate |
|
| 521 | 8 |
_aU
_bRaz-Plus |
|
| 650 |
_aHoratio Nelson _vNon-fiction |
||
| 650 |
_abiography _vNon-fiction |
||
| 700 |
_aReeve, Philip _eillustrator |
||
| 942 |
_2ddc _cBK _n0 |
||
| 999 |
_c5333 _d5333 |
||